Central Library OPAC University of Rajshahi

World within world : (Record no. 24152)

MARC details
000 -LEADER
fixed length control field 00904cam a22002891a 4500
001 - CONTROL NUMBER
control field 24152
003 - CONTROL NUMBER IDENTIFIER
rucl marc code BD-RjUL
005 - DATE AND TIME OF LATEST TRANSACTION
control field 20211209001021.0
008 - FIXED-LENGTH DATA ELEMENTS--GENERAL INFORMATION
fixed length control field 140312t1951 enk 001 0aeng
035 ## - SYSTEM CONTROL NUMBER
System control number (BD-RjUL)24218
System control number (OCoLC)367152
040 ## - CATALOGING SOURCE
Original cataloging agency DLC
Transcribing agency ODaWU
Modifying agency WU
-- TxU-Hu
-- DLC
-- BD-RjUL
Language of cataloging eng
041 ## - LANGUAGE CODE
Language code of text/sound track or separate title eng
082 04 - DEWEY DECIMAL CLASSIFICATION NUMBER
Classification number 928.2191
Author mark and year SPW 1951
100 1# - MAIN ENTRY--PERSONAL NAME
Personal name Spender, Stephen,
Dates associated with a name 1909-1995.
9 (RLIN) 57970
245 10 - TITLE STATEMENT
Title World within world :
Remainder of title the autobiography of Stephen Spender /
260 ## - PUBLICATION, DISTRIBUTION, ETC. (IMPRINT)
Place of publication, distribution, etc. London :
Name of publisher, distributor, etc. H. Hamilton,
Date of publication, distribution, etc. 1951.
300 ## - PHYSICAL DESCRIPTION
Pagination ix, 349 p. ;
Size 22 cm.
504 ## - BIBLIOGRAPHY, ETC. NOTE
Bibliography, etc includes index.
510 4# - CITATION/REFERENCES NOTE
Name of source Kulkarni, H.B. Spender,
Location within source A26a
600 10 - SUBJECT ADDED ENTRY--PERSONAL NAME
Personal name Spender, Stephen,
Dates associated with a name 1909-1995.
650 #0 - SUBJECT ADDED ENTRY--TOPICAL TERM
Topical term or geographic name as entry element Poets, English
Chronological subdivision 20th century
General subdivision Biography.
9 (RLIN) 55974
Topical term or geographic name as entry element Critics
Geographic subdivision Great Britain
General subdivision Biography.
9 (RLIN) 55058
942 ## - ADDED ENTRY ELEMENTS (KOHA)
Source of classification or shelving scheme Dewey Decimal Classification
Koha item type Books
Holdings
Lost status Source of classification or shelving scheme Damaged status Not for loan Collection code Permanent Location Current Location Shelving location Date acquired Source of acquisition Cost, normal purchase price Total Checkouts Full call number Date last seen Copy number Koha item type
  Dewey Decimal Classification   Added to bundle Non-fiction Central Library, University of Rajshahi Central Library, University of Rajshahi Reading Room 19/04/1964 Zeitlinger 8.60   928.2191 SPW 1951 12/03/2014 C-1 Books